[Event "SVK-chT2D 14/15"]
[Site "Slovakia"]
[Date "2015.02.01"]
[Round "7.7"]
[White "Koselova, Zuzana"]
[Black "Panko, Radoslav"]
[Result "0-1"]
[WhiteElo "1831"]
[BlackElo "1849"]
[PlyCount "68"]
[EventDate "2014.10.11"]
[EventType "team-tourn"]
[EventRounds "11"]
[EventCountry "SVK"]
[SourceTitle "EXT 2019"]
[Source "ChessBase"]
[SourceDate "2018.10.10"]
[SourceVersion "1"]
[SourceVersionDate "2018.10.10"]
[SourceQuality "1"]
[WhiteTeam "Presov Slavia PU"]
[BlackTeam "Bardejov BSK"]
[WhiteTeamCountry "SVK"]
[BlackTeamCountry "SVK"]

1. e4 e6 2. d4 d5 3. Nd2 Nf6 4. e5 Nfd7 5. f4 c5 6. Ngf3 Nc6 7. Nb3 b6 8. Be3 f5 9. Ng5 Qe7 10. c3 Bb7 11. Bf2 g6 12. dxc5 Nxc5 13. Bxc5 bxc5 14. Bb5 h6 15. Na5 hxg5 16. Nxc6 Qc7 17. Nd4+ Kf7 18. Nf3 Be7 19. Qd2 g4 20. Ng1 g5 21. Ne2 gxf4 22. Qxf4 Rh5 23. Ng3 Bg5 24. Qa4 Qxe5+ 25. Be2 Rxh2 26. Qd7+ Kg6 27. Kd1 Rxh1+ 28. Nxh1 Qe3 29. Kc2 Qxe2+ 30. Kb3 Qc4+ 31. Kc2 Qe4+ 32. Kb3 d4 33. c4 Qd3+ 34. Ka4 Qxc4+ 0-1

[Event "EU-ch U18 Girls 23rd"]
[Site "Budva"]
[Date "2013.10.03"]
[Round "5"]
[White "Horvath, Ilona Klara"]
[Black "Koselova, Zuzana"]
[Result "1-0"]
[WhiteElo "1930"]
[BlackElo "1833"]
[PlyCount "37"]
[EventDate "2013.09.29"]
[EventType "swiss"]
[EventRounds "9"]
[EventCountry "MNE"]
[SourceTitle "CBM 156 Extra"]
[Source "ChessBase"]
[SourceDate "2013.10.22"]
[SourceVersion "1"]
[SourceVersionDate "2013.10.22"]
[SourceQuality "1"]

1. e4 e5 2. d4 exd4 3. Nf3 Qe7 4. Qxd4 Nc6 5. Qe3 Nf6 6. Bd3 d6 7. 0-0 Ng4 8. Qe2 Nce5 9. Nxe5 Qxe5 10. f4 Qc5+ 11. Kh1 Be7 12. f5 h5 13. Nc3 Bf6 14. Nd5 Be5 15. b4 Qc6 16. Bb5 Kd8 17. Bxc6 Bxa1 18. Ba4 Be5 19. Bf4 1-0

[Event "SVK-ch U20 Girls"]
[Site "Martin"]
[Date "2013.04.21"]
[Round "3"]
[White "Turkova, Karolina"]
[Black "Koselova, Zuzana"]
[Result "1-0"]
[WhiteElo "2022"]
[BlackElo "1890"]
[PlyCount "99"]
[EventDate "2013.04.19"]
[EventType "tourn"]
[EventRounds "7"]
[EventCountry "SVK"]
[SourceTitle "CBM 154 Extra"]
[Source "ChessBase"]
[SourceDate "2013.06.25"]
[SourceVersion "2"]
[SourceVersionDate "2013.06.25"]
[SourceQuality "1"]

1. e4 e5 2. Nf3 Nc6 3. Bb5 g6 4. 0-0 Bg7 5. c3 a6 6. Ba4 Nf6 7. d4 0-0 8. Re1 b5 9. Bb3 d6 10. h3 Qe7 11. Bg5 h6 12. Be3 Na5 13. Bc2 c5 14. Nbd2 exd4 15. cxd4 Nc6 16. Nf1 Bb7 17. Ng3 Rfe8 18. Qd2 h5 19. Bg5 Qc7 20. Qf4 Nh7 21. dxc5 Ne5 22. Nxe5 Bxe5 23. Qe3 Qxc5 24. Qxc5 dxc5 25. Be3 Bxb2 26. Rab1 Bf6 27. Bd3 c4 28. Bxc4 Bxe4 29. Nxe4 Rxe4 30. Bd5 Rae8 31. Bxe4 Rxe4 32. Bc5 Ra4 33. a3 Rc4 34. Re8+ Kg7 35. Bb4 Bd4 36. Rd1 Ng5 37. Rxd4 Rxd4 38. Bc3 Ne6 39. Ra8 Kh6 40. Bxd4 Nxd4 41. Rxa6 Nc2 42. Kf1 Kg5 43. Ra5 Kf4 44. Ke2 Ke4 45. f3+ Kf4 46. Kf2 h4 47. Rxb5 Nxa3 48. Rb4+ Kg5 49. Ke2 Nc2 50. Ra4 1-0

[Event "SVK-ch U18 Girls"]
[Site "Lubovna"]
[Date "2013.04.11"]
[Round "7"]
[White "Hudacekova, Zuzana"]
[Black "Koselova, Zuzana"]
[Result "0-1"]
[WhiteElo "1377"]
[BlackElo "1890"]
[PlyCount "64"]
[EventDate "2013.04.06"]
[EventType "tourn"]
[EventRounds "10"]
[EventCountry "SVK"]
[SourceTitle "CBM 153 Extra"]
[Source "ChessBase"]
[SourceDate "2013.04.22"]
[SourceVersion "1"]
[SourceVersionDate "2013.04.22"]
[SourceQuality "1"]

1. e4 e5 2. Nf3 Nc6 3. Bc4 Bc5 4. c3 Nf6 5. d4 exd4 6. cxd4 Bb4+ 7. Nc3 Nxe4 8. 0-0 Bxc3 9. d5 Bf6 10. Re1 Ne7 11. Rxe4 d6 12. Bg5 Bxg5 13. Nxg5 h6 14. Qe2 hxg5 15. Re1 Be6 16. dxe6 f6 17. Re3 c6 18. Rh3 Rxh3 19. gxh3 g6 20. Qf3 Qa5 21. Qxf6 Qxe1+ 22. Kg2 Qe4+ 23. Kg1 Qf5 24. Qh8+ Qf8 25. Qd4 Nf5 26. Qg4 Nh4 27. b4 Qf4 28. Qe2 d5 29. Qd3 Qc1+ 30. Qf1 Qxc4 31. Qa1 0-0-0 32. Qb2 Qe4 0-1

[Event "SVK-ch U18 Girls"]
[Site "Lubovna"]
[Date "2013.04.09"]
[Round "5"]
[White "Gregusova, Katarina"]
[Black "Koselova, Zuzana"]
[Result "0-1"]
[WhiteElo "1539"]
[BlackElo "1890"]
[PlyCount "90"]
[EventDate "2013.04.06"]
[EventType "tourn"]
[EventRounds "10"]
[EventCountry "SVK"]
[SourceTitle "CBM 153 Extra"]
[Source "ChessBase"]
[SourceDate "2013.04.22"]
[SourceVersion "1"]
[SourceVersionDate "2013.04.22"]
[SourceQuality "1"]

1. d4 d5 2. c4 e5 3. dxe5 d4 4. Nf3 Nc6 5. Nbd2 Nge7 6. Nb3 Nf5 7. a3 Be6 8. Qd3 Be7 9. g3 a5 10. Bg2 a4 11. Nbd2 Ra5 12. Ne4 Nxe5 13. Nxe5 Rxe5 14. Bd2 Nd6 15. Nxd6+ Qxd6 16. Bf4 Bf5 17. Bxe5 Qxe5 18. Qd2 0-0 19. 0-0 b6 20. Rfe1 Rd8 21. Rad1 Bc5 22. Rc1 Rd6 23. Red1 Bg4 24. Bf3 Bh3 25. Bg2 Qh5 26. Bf3 Bg4 27. Qf4 Bxf3 28. exf3 Rh6 29. h4 Rf6 30. Qxc7 Qxf3 31. Rf1 h6 32. Rcd1 d3 33. Qd8+ Bf8 34. Qxd3 Qg4 35. Rc1 Bc5 36. Rce1 g6 37. Re4 Qh3 38. Qd2 Qxg3+ 39. Kh1 Qh3+ 40. Kg1 Qg3+ 41. Kh1 Qf3+ 42. Kg1 Qxe4 43. Qxh6 Bxf2+ 44. Rxf2 Qe1+ 45. Kg2 Rxf2+ 0-1

[Event "SVK-chT2D 1213"]
[Site "Slovakia"]
[Date "2013.03.17"]
[Round "11.4"]
[White "Lasanda, Michal"]
[Black "Koselova, Zuzana"]
[Result "1-0"]
[WhiteElo "2135"]
[BlackElo "1916"]
[PlyCount "43"]
[EventDate "2012.10.13"]
[EventType "team-tourn"]
[EventRounds "11"]
[EventCountry "SVK"]
[SourceTitle "EXT 2015"]
[Source "ChessBase"]
[SourceDate "2014.11.20"]
[SourceVersion "1"]
[SourceVersionDate "2014.11.20"]
[SourceQuality "1"]
[WhiteTeam "Humenne"]
[BlackTeam "Presov Slavia"]
[WhiteTeamCountry "SVK"]
[BlackTeamCountry "SVK"]

1. e4 e5 2. Nc3 Bc5 3. f4 Bxg1 4. Rxg1 Qh4+ 5. g3 Qxh2 6. Rg2 Qh3 7. d4 exf4 8. Bxf4 d6 9. Qd2 Qh5 10. Nd5 Kd8 11. Rh2 Qg6 12. Bd3 Nc6 13. 0-0-0 Bg4 14. Ne3 Nxd4 15. e5 Bf5 16. Nxf5 Nxf5 17. exd6 c5 18. Qc3 Ngh6 19. Rxh6 gxh6 20. Qxh8+ Kd7 21. Bb5+ Ke6 22. Qe5# 1-0

[Event "SVK-chT2D 1213"]
[Site "Slovakia"]
[Date "2013.03.16"]
[Round "10.5"]
[White "Timko, Milan"]
[Black "Koselova, Zuzana"]
[Result "1-0"]
[WhiteElo "1922"]
[BlackElo "1916"]
[PlyCount "65"]
[EventDate "2012.10.13"]
[EventType "team-tourn"]
[EventRounds "11"]
[EventCountry "SVK"]
[SourceTitle "EXT 2015"]
[Source "ChessBase"]
[SourceDate "2014.11.20"]
[SourceVersion "1"]
[SourceVersionDate "2014.11.20"]
[SourceQuality "1"]
[WhiteTeam "Kosice SK"]
[BlackTeam "Presov Slavia"]
[WhiteTeamCountry "SVK"]
[BlackTeamCountry "SVK"]

1. Nf3 Nf6 2. d4 d5 3. c4 c6 4. Nc3 Nbd7 5. Bg5 e6 6. cxd5 exd5 7. e3 Qa5 8. Bd3 Ne4 9. Qc2 Nxg5 10. Nxg5 h6 11. Nf3 Bd6 12. Nh4 Nf6 13. 0-0 Qc7 14. g3 Bh3 15. Rfe1 Kf8 16. Bf5 Ng4 17. f3 Bxg3 18. Bxg4 Bxe1 19. Rxe1 Bxg4 20. fxg4 g5 21. Ng6+ fxg6 22. Qxg6 Qg7 23. Qe6 Qe7 24. Qg6 Qg7 25. Rf1+ Kg8 26. Qe6+ Kh7 27. Rf7 Rhf8 28. Rxg7+ Kxg7 29. Ne2 Rf7 30. Ng3 Rh8 31. Nf5+ Kg8 32. Qe8+ Kh7 33. Qxf7# 1-0

[Event "Wch U18 Girls"]
[Site "Maribor"]
[Date "2012.11.14"]
[Round "7.26"]
[White "Koselova, Zuzana"]
[Black "Kruk, Karina"]
[Result "0-1"]
[WhiteElo "1916"]
[BlackElo "1786"]
[PlyCount "54"]
[EventDate "2012.11.08"]
[EventType "swiss"]
[EventRounds "11"]
[EventCountry "SLO"]
[SourceTitle "EXT 2013"]
[Source "ChessBase"]
[SourceDate "2012.11.22"]
[SourceVersion "1"]
[SourceVersionDate "2012.11.22"]
[SourceQuality "1"]

1. e4 e6 2. Nf3 d5 3. Nc3 d4 4. Ne2 c5 5. c3 Nf6 6. e5 Nfd7 7. cxd4 cxd4 8. Qa4 Nc6 9. d3 Bb4+ 10. Kd1 Nb6 11. Qc2 Qd5 12. Bf4 Bd7 13. Ng3 Na5 14. b3 Rc8 15. Qe2 Na4 16. Ne4 0-0 17. Bd2 Nb2+ 18. Ke1 Rc2 19. Nfg5 Rfc8 20. Qh5 Bxd2+ 21. Nxd2 Qxe5+ 22. Nde4 Rc1+ 23. Rxc1 Rxc1+ 24. Ke2 Qf4 25. g3 Rc2+ 26. Nd2 Rxd2+ 27. Ke1 Qxf2# 0-1

[Event "CZE/SVK-chT (Women)"]
[Site "Ruzomberok"]
[Date "2012.07.04"]
[Round "9.2"]
[White "Olsarova, Karolina"]
[Black "Koselova, Zuzana"]
[Result "1-0"]
[WhiteElo "2247"]
[BlackElo "1907"]
[PlyCount "21"]
[EventDate "2012.06.30"]
[EventType "team-tourn"]
[EventRounds "9"]
[EventCountry "SVK"]
[SourceTitle "CBM 149 Extra"]
[Source "ChessBase"]
[SourceDate "2012.08.24"]
[SourceVersion "1"]
[SourceVersionDate "2012.08.24"]
[SourceQuality "1"]
[WhiteTeam "Orlova Slavia (W)"]
[BlackTeam "Bardejov (W)"]
[WhiteTeamCountry "CZE"]
[BlackTeamCountry "CZE"]

1. e4 e5 2. Nf3 Nc6 3. Bb5 a6 4. Ba4 Nf6 5. 0-0 Be7 6. Re1 b5 7. Bb3 d6 8. c3 0-0 9. d4 Bg4 10. Be3 Nxe4 11. Bd5 1-0

[Event "CZE/SVK-chT (Women)"]
[Site "Ruzomberok"]
[Date "2012.07.02"]
[Round "5.2"]
[White "Koselova, Zuzana"]
[Black "Konkolova, Nikola"]
[Result "1-0"]
[WhiteElo "1907"]
[BlackElo "1310"]
[PlyCount "61"]
[EventDate "2012.06.30"]
[EventType "team-tourn"]
[EventRounds "9"]
[EventCountry "SVK"]
[SourceTitle "CBM 149 Extra"]
[Source "ChessBase"]
[SourceDate "2012.08.24"]
[SourceVersion "1"]
[SourceVersionDate "2012.08.24"]
[SourceQuality "1"]
[WhiteTeam "Bardejov (W)"]
[BlackTeam "Ruzomberok (W)"]
[WhiteTeamCountry "CZE"]
[BlackTeamCountry "SVK"]

1. e4 e5 2. Nf3 Nc6 3. Bc4 Bc5 4. 0-0 Nf6 5. d4 Bxd4 6. Nxd4 Nxd4 7. f4 d6 8. fxe5 dxe5 9. c3 Ne6 10. Qf3 Qe7 11. Be3 Bd7 12. Nd2 Bc6 13. Qf5 Nc5 14. Bg5 Ncd7 15. Rae1 Rd8 16. Rf2 b6 17. Nf1 Qc5 18. Bb3 h6 19. Bh4 g5 20. Bg3 Qe7 21. h4 Rg8 22. Nd2 Rg7 23. Nc4 gxh4 24. Bxh4 Rg6 25. Nxe5 Nxe5 26. Bxf6 Rxf6 27. Qxf6 Nd3 28. Qxc6+ Qd7 29. Bxf7+ Ke7 30. Qf6+ Kf8 31. Be6+ 1-0

[Event "CZE/SVK-chT (Women)"]
[Site "Ruzomberok"]
[Date "2012.06.30"]
[Round "1.2"]
[White "Koselova, Zuzana"]
[Black "Meszarosova, Eva"]
[Result "1-0"]
[WhiteElo "1907"]
[BlackElo "1577"]
[PlyCount "92"]
[EventDate "2012.06.30"]
[EventType "team-tourn"]
[EventRounds "9"]
[EventCountry "SVK"]
[SourceTitle "CBM 149 Extra"]
[Source "ChessBase"]
[SourceDate "2012.08.24"]
[SourceVersion "1"]
[SourceVersionDate "2012.08.24"]
[SourceQuality "1"]
[WhiteTeam "Bardejov (W)"]
[BlackTeam "Dvory nad Zitavou (W)"]
[WhiteTeamCountry "CZE"]
[BlackTeamCountry "SVK"]

1. e4 c5 2. Nf3 d6 3. d4 cxd4 4. Nxd4 Nf6 5. Nc3 a6 6. Be3 e6 7. f3 Qc7 8. Qd2 Be7 9. g4 b5 10. g5 Nfd7 11. a3 Bb7 12. f4 Nc6 13. 0-0-0 Na5 14. f5 e5 15. Nf3 Bxe4 16. Qf2 Bxf3 17. Qxf3 Rc8 18. Bd3 Nc5 19. Be4 Nxe4 20. Qxe4 Qc6 21. Nd5 Nc4 22. c3 Nxe3 23. Qxe3 Qc5 24. Qg3 Bf8 25. Rhe1 f6 26. gxf6 gxf6 27. Nxf6+ Kf7 28. Nxh7 Bh6+ 29. Ng5+ Kf6 30. h4 Rcg8 31. Rg1 Rg7 32. Kb1 d5 33. Rde1 e4 34. Qf4 Qb6 35. Rg2 a5 36. Reg1 Rhg8 37. Nxe4+ Kf7 38. Ng5+ Bxg5 39. Rxg5 Rxg5 40. Rxg5 Re8 41. Rg6 Qc5 42. Qg3 Ke7 43. f6+ Kd7 44. Rg7+ Kc8 45. f7 Rd8 46. Rg8 Qe7 1-0

[Event "SVK-chT2D 1112"]
[Site "Slovakia"]
[Date "2011.10.09"]
[Round "2.3"]
[White "Nemergut, Matej"]
[Black "Koselova, Zuzana"]
[Result "1-0"]
[WhiteElo "1920"]
[BlackElo "1773"]
[PlyCount "37"]
[EventDate "2011.10.08"]
[EventType "team-tourn"]
[EventRounds "11"]
[EventCountry "SVK"]
[SourceTitle "EXT 2013"]
[Source "ChessBase"]
[SourceDate "2012.11.22"]
[SourceVersion "1"]
[SourceVersionDate "2012.11.22"]
[SourceQuality "1"]
[WhiteTeam "Stara Lubovna"]
[BlackTeam "Presov Tatran"]
[WhiteTeamCountry "SVK"]
[BlackTeamCountry "SVK"]

1. d4 d5 2. Nf3 Nf6 3. c4 c6 4. Nc3 e6 5. e3 Nbd7 6. Bd3 dxc4 7. Bxc4 Bd6 8. 0-0 0-0 9. Qc2 Qc7 10. b3 e5 11. dxe5 Nxe5 12. Nxe5 Bxe5 13. f4 Bd6 14. Ne4 Nxe4 15. Qxe4 Bd7 16. Bb2 Rfe8 17. Bxf7+ Kxf7 18. Qxh7 Bf8 19. f5 1-0

[Event "Kosice Kotan Memorial 3rd"]
[Site "Kosice"]
[Date "2011.06.27"]
[Round "4"]
[White "Istona, Martin"]
[Black "Koselova, Zuzana"]
[Result "1-0"]
[WhiteElo "1941"]
[BlackElo "1738"]
[PlyCount "109"]
[EventDate "2011.06.25"]
[EventType "swiss"]
[EventRounds "9"]
[EventCountry "SVK"]
[SourceTitle "EXT 2012"]
[Source "ChessBase"]
[SourceDate "2011.11.24"]
[SourceVersion "1"]
[SourceVersionDate "2011.11.24"]
[SourceQuality "1"]

1. e4 e5 2. Nf3 Nc6 3. Bb5 a6 4. Ba4 Nf6 5. 0-0 Be7 6. Re1 b5 7. Bb3 d6 8. c3 Na5 9. Bc2 c5 10. h3 0-0 11. d3 Nc6 12. Nbd2 Bd7 13. Nf1 b4 14. Ng3 Rb8 15. Nh2 Qa5 16. Bd2 bxc3 17. bxc3 Qa3 18. Bb3 Qa5 19. Ng4 Nxg4 20. hxg4 Qc7 21. Nf5 Be6 22. Bd5 Bd8 23. Re3 Ne7 24. c4 Nxf5 25. gxf5 Bxd5 26. cxd5 Bg5 27. Rg3 Bxd2 28. f6 Bh6 29. Qh5 Kh8 30. Rh3 Rg8 31. fxg7+ Rxg7 32. Qxh6 Qe7 33. Rh5 f6 34. Re1 Qf7 35. Rf5 Rg6 36. Qh4 Qg7 37. g3 Rh6 38. Rh5 Rxh5 39. Qxh5 Qg6 40. Qd1 Qe8 41. Kg2 Rb2 42. Rh1 Qd7 43. Qc1 Rxa2 44. Qh6 Qg7 45. Qh5 Qe7 46. Rb1 Qc7 47. Qe8+ Kg7 48. Rb8 Qf7 49. Qh8+ Kh6 50. Rf8 Qe7 51. Rxf6+ Kg5 52. Rf5+ Kh6 53. g4 Kg6 54. Qg8+ Kh6 55. Rh5# 1-0

[Event "SVK-chT2D 10/11"]
[Site "Slovakia"]
[Date "2011.03.06"]
[Round "9.5"]
[White "Sepesi, Samuel"]
[Black "Koselova, Zuzana"]
[Result "0-1"]
[WhiteElo "1750"]
[BlackElo "1694"]
[PlyCount "82"]
[EventDate "2010.10.23"]
[EventType "team-tourn"]
[EventRounds "11"]
[EventCountry "SVK"]
[SourceTitle "EXT 2019"]
[Source "ChessBase"]
[SourceDate "2018.10.10"]
[SourceVersion "1"]
[SourceVersionDate "2018.10.10"]
[SourceQuality "1"]
[WhiteTeam "Kosice Slavia UPJS IV"]
[BlackTeam "Presov Tatran"]
[WhiteTeamCountry "SVK"]
[BlackTeamCountry "SVK"]

1. e4 e5 2. Nf3 Nc6 3. Bc4 Bc5 4. b4 Bxb4 5. c3 Ba5 6. d4 exd4 7. 0-0 dxc3 8. Qb3 Qf6 9. e5 Qf5 10. Ng5 Nxe5 11. Re1 Bb6 12. Re2 Ne7 13. Nxc3 0-0 14. Bd2 N7c6 15. Rae1 d6 16. Nd5 h6 17. Ne4 Kh8 18. Ng3 Qg6 19. Nf4 Qg4 20. h3 Qd7 21. Qc3 Ba5 22. Qc1 Bb6 23. Bb5 a6 24. Bxc6 Qxc6 25. Bc3 f6 26. Bxe5 Qxc1 27. Rxc1 fxe5 28. Ng6+ Kg8 29. Nxf8 Kxf8 30. Kf1 Bd7 31. Rb2 Ke7 32. Ne4 Bc6 33. f3 Rf8 34. Ke2 d5 35. Nc5 Kd6 36. Nb3 e4 37. Rd1 Bb5+ 38. Ke1 exf3 39. gxf3 Rxf3 40. Rg2 g5 41. Rc1 Be3 0-1